Central Library OPAC University of Rajshahi

Hotel accounting / (Record no. 14488)

MARC details
000 -LEADER
fixed length control field 00933cam a2200313 a 4500
001 - CONTROL NUMBER
control field 14488
003 - CONTROL NUMBER IDENTIFIER
rucl marc code BD-RjUL
005 - DATE AND TIME OF LATEST TRANSACTION
control field 20211208235633.0
008 - FIXED-LENGTH DATA ELEMENTS--GENERAL INFORMATION
fixed length control field 190419r19781970nyua 001 0 eng
020 ## - INTERNATIONAL STANDARD BOOK NUMBER
International Standard Book Number 0471072478 :
035 ## - SYSTEM CONTROL NUMBER
System control number (BD-RjUL)14540
040 ## - CATALOGING SOURCE
Original cataloging agency DLC
Transcribing agency DLC
Modifying agency DLC
-- BD-RjUL
Language of cataloging eng
041 ## - LANGUAGE CODE
Language code of text/sound track or separate title eng
082 00 - DEWEY DECIMAL CLASSIFICATION NUMBER
Classification number 657.837
Author mark and year HOH 1978
Edition number 23
100 1# - MAIN ENTRY--PERSONAL NAME
Personal name Horwath, Ernest B.
9 (RLIN) 45183
245 10 - TITLE STATEMENT
Title Hotel accounting /
Statement of responsibility, etc. Ernest B. Horwath, Louis Toth ; revisd by John D. Lesure
250 ## - EDITION STATEMENT
Edition statement 4th ed. /
260 ## - PUBLICATION, DISTRIBUTION, ETC. (IMPRINT)
Place of publication, distribution, etc. New York :
Name of publisher, distributor, etc. John Wiley,
Date of publication, distribution, etc. c1970 [ Reprinted 1978].
300 ## - PHYSICAL DESCRIPTION
Pagination vi, 424 p. :
Illustrations ill. ;
Size 24 cm.
500 ## - GENERAL NOTE
General note "A Ronald Press publication."
General note Includes index.
650 #0 - SUBJECT ADDED ENTRY--TOPICAL TERM
Topical term or geographic name as entry element Hotels
General subdivision Accounting.
9 (RLIN) 45184
Topical term or geographic name as entry element Hotel management.
9 (RLIN) 45185
700 1# - ADDED ENTRY--PERSONAL NAME
Personal name Toth, Louis,
Personal name Lesure, John D.,
942 ## - ADDED ENTRY ELEMENTS (KOHA)
Source of classification or shelving scheme Dewey Decimal Classification
Koha item type Books
Holdings
Lost status Source of classification or shelving scheme Damaged status Not for loan Collection code Permanent Location Current Location Shelving location Date acquired Source of acquisition Cost, normal purchase price Total Checkouts Full call number Date last seen Copy number Koha item type
  Dewey Decimal Classification     Non-fiction Central Library, University of Rajshahi Central Library, University of Rajshahi   02/03/1985 Tulip 59.40   657.837 HOH 1978 06/02/2014 C-8 Books
  Dewey Decimal Classification     Non-fiction Central Library, University of Rajshahi Central Library, University of Rajshahi   02/03/1985 Tulip 59.40   657.837 HOH 1978 09/02/2014 C-2 Books
  Dewey Decimal Classification   Not For Loan Non-fiction Central Library, University of Rajshahi Central Library, University of Rajshahi Reading Room 02/03/1985 Tulip Enterprise, Dhaka 59.40   657.837 HOH 1977 26/12/2016 C-1 Books
  Dewey Decimal Classification     Non-fiction Central Library, University of Rajshahi Central Library, University of Rajshahi   02/03/1985 Tulip Interprise , Dhaka 59.40   657.837 HOH 1978 17/04/2019 C-3 Books
  Dewey Decimal Classification     Non-fiction Central Library, University of Rajshahi Central Library, University of Rajshahi   02/03/1985 Tulip Interprise , Dhaka 59.40   657.837 HOH 1978 17/04/2019 C-4 Books
  Dewey Decimal Classification     Non-fiction Central Library, University of Rajshahi Central Library, University of Rajshahi   02/03/1985 Tulip Interprise , Dhaka 59.40   657.837 HOH 1978 17/04/2019 C-5 Books
  Dewey Decimal Classification     Non-fiction Central Library, University of Rajshahi Central Library, University of Rajshahi   02/03/1985 Tulip Interprise , Dhaka 59.40   657.837 HOH 1978 17/04/2019 C-6 Books
  Dewey Decimal Classification     Non-fiction Central Library, University of Rajshahi Central Library, University of Rajshahi   02/03/1985 Tulip Interprise , Dhaka 59.40   657.837 HOH 1978 17/04/2019 C-7 Books
  Dewey Decimal Classification     Non-fiction Central Library, University of Rajshahi Central Library, University of Rajshahi   02/03/1985 Tulip Interprise , Dhaka 59.40   657.837 HOH 1978 17/04/2019 C-9 Books
  Dewey Decimal Classification     Non-fiction Central Library, University of Rajshahi Central Library, University of Rajshahi   02/03/1985 Tulip Interprise , Dhaka 59.40   657.837 HOH 1978 17/04/2019 C-10 Books